| Tag |
First Indicator |
Second Indicator |
Subfields |
| LEADER |
00000cam a2200000Ia 4500 |
| 001 |
in00001769578 |
| 005 |
20151025090951.0 |
| 008 |
030818s2003 nyua b 001 0 eng d |
| 020 |
|
|
|a 0824709969
|
| 035 |
|
|
|a (OCoLC)ocm52861040
|
| 040 |
|
|
|a UUM
|c UUM
|d TXA
|d UtOrBLW
|
| 049 |
|
|
|a TXAM
|
| 090 |
|
|
|a QP525
|b .N67 2003
|
| 100 |
1 |
|
|a Norde, Willem,
|d 1944-
|
| 245 |
1 |
0 |
|a Colloids and interfaces in life sciences /
|c Willem Norde.
|
| 264 |
|
1 |
|a Monticello, N.Y. :
|b Marcel Dekker,
|c [2003]
|
| 264 |
|
4 |
|c ©2003
|
| 300 |
|
|
|a xii, 433 pages :
|b illustrations ;
|c 24 cm.
|
| 336 |
|
|
|a text
|b txt
|2 rdacontent
|
| 337 |
|
|
|a unmediated
|b n
|2 rdamedia
|
| 338 |
|
|
|a volume
|b nc
|2 rdacarrier
|
| 504 |
|
|
|a Includes bibliographical references and index.
|
| 650 |
|
0 |
|a Biocolloids.
|
| 650 |
|
0 |
|a Biological interfaces.
|
| 994 |
|
|
|a E0
|b TXA
|
| 948 |
|
|
|a cataloged
|b h
|c 2003/8/21
|d c
|e jlanham
|f 12:05:04 pm
|
| 999 |
|
|
|a MARS
|
| 999 |
f |
f |
|s 18d640f3-8050-383c-bf30-c6a2ed6b0701
|i d2a2b5d5-39ab-34cb-9a83-51c0d7ebc2f5
|t 0
|
| 952 |
f |
f |
|p normal
|a Texas A&M University
|b College Station
|c Sterling C. Evans Library
|d Evans: Library Stacks
|t 0
|e QP525 .N67 2003
|h Library of Congress classification
|i unmediated -- volume
|m A14830483706
|
| 998 |
f |
f |
|a QP525 .N67 2003
|t 0
|l Evans: Library Stacks
|